Madras panchayats act, 1958 (Madras act no. 27 of 1961) (Record no. 488542)

000 -LEADER
fixed length control field 00317cam a22001097a 4500
008 - FIXED-LENGTH DATA ELEMENTS--GENERAL INFORMATION
fixed length control field 180718b1963 xxu||||| |||| 00| 0 eng d
082 ## - DEWEY DECIMAL CLASSIFICATION NUMBER
Classification number B71103x5452 A/1961
100 ## - MAIN ENTRY--PERSONAL NAME
Personal name Madras. Law Department
245 ## - TITLE STATEMENT
Title Madras panchayats act, 1958 (Madras act no. 27 of 1961)
260 ## - PUBLICATION, DISTRIBUTION, ETC.
Place of publication, distribution, etc. Madras
Name of publisher, distributor, etc. The author
Date of publication, distribution, etc. 1963
300 ## - PHYSICAL DESCRIPTION
Extent 12p.
Holdings
Withdrawn status Lost status Damaged status Not for loan Permanent Location Current Location Date acquired Full call number Barcode Date last seen Price effective from Koha item type
        Indian Institute of Public Administration Indian Institute of Public Administration 2018-08-04 B71103x5452 A/1961 G2722 2018-08-04 2018-08-04 G

Powered by Koha